书目信息 |
| 题名: |
四库全书大辞典
|
|
| 作者: | 杨家骆 著 | |
| 分册: | 上 | |
| 出版信息: | 北京 北京市中国书店 1987.1 |
|
| 页数: | 1册 | |
| 开本: | 21cm | |
| 丛书名: | ||
| 单 册: | ||
| 中图分类: | Z838 | |
| 科图分类: | ||
| 主题词: | 善本--图书目录 | |
| 电子资源: | ||
| ISBN: | ||
| 000 | 00547nam0 2200193 45 | |
| 001 | 0181015583 | |
| 005 | 20061127144722.40 | |
| 010 | @b精装@dCNY13.00 | |
| 100 | @a20810111d km y0chiy0120 ea | |
| 101 | 0 | @achi |
| 105 | @a z 000yy | |
| 200 | 1 | @a四库全书大辞典@ASi Ku Quan Shu Da Ci Dian@h上@f杨家骆著@Fyang jia luo zhu |
| 210 | @a北京@c北京市中国书店@d1987.1 | |
| 215 | @a1册@d21cm | |
| 606 | 0 | @a善本@x图书目录 |
| 690 | @aZ838@v3 | |
| 701 | 0 | @a杨家骆@Ayang jia luo@4著 |
| 801 | @aCN@bTSTC@c20061127 | |
| 905 | @dZ838@e14:1@f2@b201164-165 | |
| 四库全书大辞典.上/杨家骆著.-北京:北京市中国书店,1987.1 |
| 1册;21cm |
| ISBN (精装):CNY13.00 |
| ● |
| 相关链接 |
|
|
|
|
正题名:四库全书大辞典
索取号:Z838/14:1
 
预约/预借
| 序号 | 登录号 | 条形码 | 馆藏地/架位号 | 状态 | 备注 |
| 1 | 0201164 | 001316178 | 密集书库/ [索取号:Z838/14:1] | 在馆 | |
| 2 | 0201165 | 002035336 | 工具书阅览室/ [索取号:Z838/14:1] | 在馆 | |
| 3 | 0201166 | 001557149 | 第二样本阅览室/ [索取号:Z838/14:1] | 在馆 |